| 000 | 00894 a2200205 4500 | ||
|---|---|---|---|
| 003 | Nust | ||
| 005 | 20230120101734.0 | ||
| 010 | _a31023324 | ||
| 040 | _cNust | ||
| 082 | _a808.83,BRA | ||
| 100 |
_aBradley, Andrew Cecil, _9107205 |
||
| 245 |
_aShakespearean tragedy / _blectures on Hamlet, Othello, King Lear, Macbeth, _cA. C. Bradley, |
||
| 250 | _a2nd ed | ||
| 260 |
_aLondon, _bMacmillan and co., limited, _c1929. |
||
| 300 |
_axi, 498 p _b23 cm |
||
| 505 | _aIntroduction (Page-1), The Substance of Shakespearean Tragedy (Page-5), Construction in Shakespearean Tragedies (Page-40), Shakespeare’s Tragic Period Hamlet (Page-79), Hamlet (Page-129), Othello (Page-175), Othello (Page-207), King Lear (Page-243), King Lear (Page-280), Macbeth (Page-331), Macbeth (Page-366). | ||
| 600 |
_aBradley, Andrew Cecil, _9107205 |
||
| 650 |
_aShakespearean tragedy; _9107206 |
||
| 942 |
_2ddc _cBK |
||
| 999 |
_c186633 _d186633 |
||